Normal view MARC view

Entry Kişi Adı

Number of records used in: 0

001 - CONTROL NUMBER

  • control field: 1452

003 - CONTROL NUMBER IDENTIFIER

  • control field: OSt

005 - DATE AND TIME OF LATEST TRANSACTION

  • control field: 20190111140947.0

008 - FIXED-LENGTH DATA ELEMENTS

  • fixed length control field: 190111|| aca||aabn | a|a d

040 ## - CATALOGING SOURCE

  • Original cataloging agency: OSt

100 ## - HEADING--PERSONAL NAME

  • Personal name: Eradam, Yusuf

This software was implemented, installed and managed by Devinim Software Training Consulting .